000 00501nam a22001577a 4500
082 _aBE-EE-3
100 _aDanyal Tayyub
_993005
245 _aHandimatic (Automated Cooking Machine)
260 _aIslamabad
_bNUST-SEECS
_c2015
300 _aPV
_eCD Include
500 _aSupervisors: Nasir Mahmood, Dr. Hammad Mehmood Cheema
700 _aHafiz Muhammad Ali Asif
_993006
700 _aMuhammad Bilal Younas
_993007
856 _uhttp://10.250.8.41:8080/xmlui/handle/123456789/10695
942 _cPR
_2ddc
999 _c13253
_d13253